| 000 | 00484cam a22001577a 4500 | ||
|---|---|---|---|
| 008 | 180718b2001 xxu||||| |||| 00| 0 eng d | ||
| 020 | _a812410767X | ||
| 082 | _aA6x54 M687n | ||
| 100 | _aMishra, D.P. | ||
| 245 |
_aThe Nehru epoch: from democracy to monocracy _cby D.P. Mishra |
||
| 260 |
_aNew Delhi _bHar-Anand _c2001 |
||
| 300 | _a429p. | ||
| 650 | _aPolitical corruption - India | ||
| 650 | _aNehru, Jawahar Lal - Criticism and interpretion | ||
| 650 | _aIndia - History, Modern | ||
| 999 |
_c396425 _d396425 |
||